Statistics for Top 20 Phillies: All-Time Home Run Leaders

Click here to take the quiz!

General Stats

  • This quiz has been taken 228 times
  • The average score is 8 of 20

Answer Stats

Home RunsAnswer% Correct
548Mike Schmidt
98%
382Ryan Howard
91%
233Chase Utley
84%
216Jimmy Rollins
78%
150Scott Rolen
59%
251Pat Burrell
50%
223Greg Luzinski
47%
195Bobby Abreu
45%
204Dick Allen
45%
134Darren Daulton
40%
243Chuck Klein
33%
150Mike Lieberthal
25%
124Von Hayes
19%
185Johnny Callison
18%
180Willie Jones
18%
217Cy Williams
17%
259Del Ennis
14%
117Gavvy Cravath
6%
123Andy Seminick
5%
116Stan Lopata
5%

Score Distribution

Percentile by Number Answered

Percent of People with Each Score

Your Score History

You have not taken this quiz